Kotle a výměníky tepla
Gespeichert in:
| 1. Verfasser: | |
|---|---|
| Format: | Buch |
| Sprache: | Tschechisch |
| Veröffentlicht: |
Brno :
Vysoké učení technické v Brně,
2004
|
| Ausgabe: | 1. vyd |
| Schlagworte: | |
| Tags: |
Keine Tags, Fügen Sie das erste Tag hinzu!
|
MARC
| LEADER | 00000nam a22000003a 4500 | ||
|---|---|---|---|
| 001 | stu103082 | ||
| 005 | 20150617225825.4 | ||
| 008 | 060116s2004----xr------------------cze-d | ||
| 020 | |a 80-214-2847-3 | ||
| 040 | |a STU |b slo | ||
| 041 | 0 | |a cze | |
| 044 | |a xr | ||
| 080 | |a 621.772 | ||
| 100 | 1 | |a Ochrana, Ladislav |4 aut | |
| 245 | 1 | |a Kotle a výměníky tepla | |
| 250 | |a 1. vyd | ||
| 260 | |a Brno : |b Vysoké učení technické v Brně, |c 2004 | ||
| 300 | |a 85 s | ||
| 650 | 7 | |a Kotly |2 stusub | |
| 650 | 7 | |a výmeníky tepla |2 stusub | |
| 996 | |b 284M064017 |c M*S-1191-1 |l MMKN |s A |a 24 |w stu103082_0001 | ||